Fr. Conceicao Rodrigues College of Engineering

Metal Cutting Theory & Practice (Record no. 24670)

MARC details
000 -LEADER
fixed length control field 00297nam a2200133Ia 4500
082 ## - DEWEY DECIMAL CLASSIFICATION NUMBER
Classification number 671.5
100 ## - MAIN ENTRY--PERSONAL NAME
Personal name Bhattacharyya/ A.
245 ## - TITLE STATEMENT
Title Metal Cutting Theory & Practice
260 ## - PUBLICATION, DISTRIBUTION, ETC.
Name of publisher, distributor, etc. Central Book Pub.
Place of publication, distribution, etc. Calcutta
Date of publication, distribution, etc. 1984
300 ## - PHYSICAL DESCRIPTION
Extent 657
546 ## - LANGUAGE NOTE
Language note ENGLISH
654 ## - SUBJECT ADDED ENTRY--FACETED TOPICAL TERMS
Focus term Cutting
942 ## - ADDED ENTRY ELEMENTS (KOHA)
Koha item type BOOK
Holdings
Withdrawn status Lost status Damaged status Not for loan Collection Home library Current library Shelving location Date acquired Source of acquisition Cost, normal purchase price Inventory number Total Checkouts Full call number Barcode Date last seen Cost, replacement price Price effective from Koha item type
        AFT Fr. Agnel's C.Rodrigues College of Engineering Fr. Agnel's C.Rodrigues College of Engineering   17/03/2023 UPC 125.00 268   671.5 AFT5064 17/03/2023 125.00 17/03/2023 BOOK